Score 0/23 Timer 20:00
0 Plays Today
Question Answer Wrong Answers
Kobayakawa Sae Tachibana Rika
78.6%
Ru Thing
3.6%
Makino Yui
3.6%
Kayama Misa
7.1%
Futaba Anzu Igarashi Hiromi
75%
Matsuzaki Rei
14.3%
Aoki Shiki
7.1%
Ozora Naomi
0%
Koshimizu Sachiko Taketatsu Ayana
71.4%
Morino Mako
3.6%
Otsubo Yuka
7.1%
Igarashi Hiromi
14.3%
Shimamura Uzuki Ohashi Ayaka
71.4%
Tsuda Minami
3.6%
Fukuhara Ayaka
10.7%
Yamazaki Haruka
7.1%
Abe Nana Miyake Marie
71.4%
Hanamori Yumiri
3.6%
Waki Azumi
10.7%
Harada Sayaka
7.1%
Sakuma Mayu Makino Yui
67.9%
Yamashita Nanami
3.6%
M・A・O
17.9%
Terui Haruka
3.6%
Ogata Chieri Ozora Naomi
67.9%
Nitta Hiyori
0%
Ohashi Ayaka
3.6%
Makino Yui
17.9%
Otokura Yuuki Nakashima Yuki
64.3%
Takao Kanon
7.1%
Koide Hikaru
3.6%
Fukagawa Seria
10.7%
Mimura Kanako Otsubo Yuka
57.1%
Ueda Reina
25%
Tanaka Minami
3.6%
Numakura Manami
7.1%
Kohinata Miho Tsuda Minami
57.1%
Mikami Shiori
21.4%
Otsubo Yuka
10.7%
Okubo Rumi
3.6%
Ichinose Shiki Aihara Kotomi
57.1%
Iida Yuuko
10.7%
Takano Asami
17.9%
Lu Thing
3.6%
Frederica Miyamoto Takano Asami
53.6%
Imai Asami
10.7%
Shimoda Asami
7.1%
Seto Asami
21.4%
Maekawa Miku Takamori Natsumi
53.6%
Itou Miku
10.7%
Aoki Ruriko
21.4%
Nakashima Yuuki
10.7%
Mizumoto Yukari Fujita Akane
50%
Suzuki Minori
21.4%
Kubota Miyu
7.1%
Suzaki Aya
7.1%
Igarashi Kyoko Tanezaki Atsumi
46.4%
Tanesaki Atsumi
10.7%
Touyama Nao
17.9%
Tsuda Minami
14.3%
Fujimoto Rina Kaneko Mayumi
46.4%
Kaneko Yuuki
17.9%
Hara Yuuko
17.9%
Yasuno Kiyono
7.1%
Seki Hiromi Aizawa Saya
42.9%
Tanabe Rui
7.1%
Morishita Rana
14.3%
Fujimoto Ayaka
21.4%
Nakano Yuka Shimoji Shino
42.9%
Kido Ibuki
17.9%
Moroboshi Sumire
10.7%
Ohashi Ayaka
17.9%
Munakata Atsumi Fujimoto Ayaka
42.9%
Harada Hitomi
7.1%
Noguchi Yuri
25%
Kamitani Sayaka
17.9%
Doumyouji Karin Nitta Hiyori
39.3%
Harada Sayaka
3.6%
Tachibana Rika
28.6%
Takada Yuuki
17.9%
Hayasaka Mirei Asai Ayaka
39.3%
Kurosawa Tomoyo
14.3%
Toyota Moe
17.9%
Anzai Chika
21.4%
Sakurai Momoka Terui Haruka
39.3%
Imai Asaka
10.7%
Satou Amina
21.4%
Koichi Makoto
17.9%
Shiina Noriko Tomaru Chiyo
35.7%
Otsubo Yuka
17.9%
Haruno Nanami
17.9%
Ousaki Chiyo
17.9%
Remove Ads.
Support Sporcle.
Get the best of Sporcle when you Go Orange. This ad-free experience offers more features, more stats, and more fun while also helping to support Sporcle. Thank you for becoming a member.

You're not logged in!

Compare scores with friends on all Sporcle quizzes.
OR
Log In

Show Comments

Extras

Created Dec 12, 2018ReportNominate
Tags:Anime Quiz, Voice Actors

Top Quizzes Today


Score Distribution

Your Account Isn't Verified!

In order to create a playlist on Sporcle, you need to verify the email address you used during registration. Go to your Sporcle Settings to finish the process.

Report this User

Report this user for behavior that violates our Community Guidelines.

Details: